Microwave Pyrolysis of Biomass in Steam; Coke and Chemistry; Vol. 65, iss. 10
| Parent link: | Coke and Chemistry.— .— New York: Springer Science+Business Media LLC Vol. 65, iss. 10.— 2022.— P. 480–486 |
|---|---|
| Hovedforfatter: | |
| Andre forfattere: | , |
| Summary: | Title screen The influence of the reaction medium (steam) and the amount supplied to the reactor (~200, 400, or 600 mL) on the yield of the basic gas components (CO, CO2, H2, and CH4) in microwave pyrolysis of sawdust is investigated. The dependence of the mean and maximum gas concentrations on the volume of steam supplied to the chamber of the microwave generator is determined. Trends in the gas concentrations over time are identified. The onset and duration of gas emission are established with variation in the volume of steam supplied to the reactor. The optimal supply of reaction medium to the chamber is determined, such that biomass pyrolysis is intensified and the gas yield is a maximum. If excessive steam is supplied to the chamber, the yield and composition of the producer gas become worse Текстовый файл AM_Agreement |
| Sprog: | engelsk |
| Udgivet: |
2022
|
| Fag: | |
| Online adgang: | https://doi.org/10.3103/S1068364X22700168 |
| Format: | MixedMaterials Electronisk Book Chapter |
| KOHA link: | https://koha.lib.tpu.ru/cgi-bin/koha/opac-detail.pl?biblionumber=682138 |
MARC
| LEADER | 00000naa0a2200000 4500 | ||
|---|---|---|---|
| 001 | 682138 | ||
| 005 | 20251007130942.0 | ||
| 090 | |a 682138 | ||
| 100 | |a 20251007d2022 k||y0rusy50 ba | ||
| 101 | 0 | |a eng | |
| 102 | |a US | ||
| 135 | |a drcn ---uucaa | ||
| 181 | 0 | |a i |b e | |
| 182 | 0 | |a b | |
| 183 | 0 | |a cr |2 RDAcarrier | |
| 200 | 1 | |a Microwave Pyrolysis of Biomass in Steam |f M. A. Kurgankina, G. S. Nyashina, A. S. Shvets | |
| 283 | |a online_resource |2 RDAcarrier | ||
| 300 | |a Title screen | ||
| 320 | |a References: 15 tit | ||
| 330 | |a The influence of the reaction medium (steam) and the amount supplied to the reactor (~200, 400, or 600 mL) on the yield of the basic gas components (CO, CO2, H2, and CH4) in microwave pyrolysis of sawdust is investigated. The dependence of the mean and maximum gas concentrations on the volume of steam supplied to the chamber of the microwave generator is determined. Trends in the gas concentrations over time are identified. The onset and duration of gas emission are established with variation in the volume of steam supplied to the reactor. The optimal supply of reaction medium to the chamber is determined, such that biomass pyrolysis is intensified and the gas yield is a maximum. If excessive steam is supplied to the chamber, the yield and composition of the producer gas become worse | ||
| 336 | |a Текстовый файл | ||
| 371 | 0 | |a AM_Agreement | |
| 461 | 1 | |t Coke and Chemistry |c New York |n Springer Science+Business Media LLC | |
| 463 | 1 | |t Vol. 65, iss. 10 |v P. 480–486 |d 2022 | |
| 610 | 1 | |a электронный ресурс | |
| 610 | 1 | |a труды учёных ТПУ | |
| 610 | 1 | |a biomass | |
| 610 | 1 | |a microwave pyrolysis | |
| 610 | 1 | |a producer gas | |
| 610 | 1 | |a reaction medium | |
| 610 | 1 | |a optimization | |
| 610 | 1 | |a waste processing | |
| 610 | 1 | |a sawdust | |
| 610 | 1 | |a steam | |
| 700 | 1 | |a Kurgankina |b M. A. |c specialist in the field of heat and power engineering |c engineer of Tomsk Polytechnic University |f 1992- |g Margarita Aleksandrovna |9 21163 | |
| 701 | 1 | |a Nyashina |b G. S. |c specialist in the field of heat and power engineering |c Assistant to Tomsk Polytechnic University, Candidate of Technical Sciences |f 1992- |g Galina Sergeevna |9 18988 | |
| 701 | 1 | |a Shvets |b A. S. |g Anatoly Sergeevich | |
| 801 | 0 | |a RU |b 63413507 |c 20251002 |g RCR | |
| 850 | |a 63413507 | ||
| 856 | 4 | |u https://doi.org/10.3103/S1068364X22700168 |z https://doi.org/10.3103/S1068364X22700168 | |
| 942 | |c CF | ||